SOLSO ROBERT L (Record no. 64782)
[ view plain ]
| 000 -LEADER | |
|---|---|
| fixed length control field | 00332nam a22001457a 4500 |
| 005 - DATE & TIME | |
| control field | 20241208100936.0 |
| 008 - FIXED-LENGTH DATA ELEMENTS--GENERAL INFORMATION | |
| fixed length control field | 241208b |||||||| |||| 00| 0 eng d |
| 040 ## - CATALOGING SOURCE | |
| Original cataloging agency | IIMT University College of Education |
| 100 ## - MAIN ENTRY--PERSONAL NAME | |
| Personal name | COGNITIVE PSYCHOLOGY |
| 245 ## - TITLE STATEMENT | |
| Title | SOLSO ROBERT L |
| 260 ## - PUBLICATION, DISTRIBUTION, ETC. (IMPRINT) | |
| Place of publication, distribution, etc | NEW DELHI |
| Name of publisher, distributor, etc | EASTWEST PRESS |
| 300 ## - PHYSICAL DESCRIPTION | |
| Pages | 528 |
| 650 ## - Subject | |
| Subject | PSYCHOLOGY |
| 942 ## - ADDED ENTRY ELEMENTS (KOHA) | |
| Koha item type | Text-Book- for 7 days |
| 952 ## - LOCATION AND ITEM INFORMATION (KOHA) | |
| -- | 2024-12-08 |
| 952 ## - LOCATION AND ITEM INFORMATION (KOHA) | |
| -- | 2024-12-08 |
| 952 ## - LOCATION AND ITEM INFORMATION (KOHA) | |
| -- | 2024-12-08 |
| 952 ## - LOCATION AND ITEM INFORMATION (KOHA) | |
| -- | 2024-12-08 |
| 952 ## - LOCATION AND ITEM INFORMATION (KOHA) | |
| -- | 2025-05-09 |
| -- | 2024-12-08 |
| Withdrawn status | Lost status | Source of classification or shelving scheme | Damaged status | Not for loan | Location (home branch) | Sublocation or collection (holding branch) | Date acquired | Source of Acquisition | Cost Normal purchase price | Koha issues (times borrowed) | Accession No. | Koha date last seen | Koha item type |
|---|---|---|---|---|---|---|---|---|---|---|---|---|---|
| IIMT University College of Education | IIMT University College of Education | 12/08/2024 | ARISTA PUB DELHI | 700.00 | 05-B-18684 | 12/08/2024 | Text-Book- for 7 days | ||||||
| IIMT University College of Education | IIMT University College of Education | 12/08/2024 | ARISTA PUB DELHI | 700.00 | 05-B-18685 | 12/08/2024 | Text-Book- for 7 days | ||||||
| IIMT University College of Education | IIMT University College of Education | 12/08/2024 | ARISTA PUB DELHI | 700.00 | 05-B-18686 | 12/08/2024 | Text-Book- for 7 days | ||||||
| IIMT University College of Education | IIMT University College of Education | 12/08/2024 | ARISTA PUB DELHI | 700.00 | 05-B-18687 | 12/08/2024 | Text-Book- for 7 days | ||||||
| IIMT University College of Education | IIMT University College of Education | 12/08/2024 | ARISTA PUB DELHI | 700.00 | 1 | 05-B-18688 | 10/14/2025 | Text-Book- for 7 days |

